000 00805nam a22002417a 4500
001 31803
003 UA-OsUOA
005 20210920200101.0
007 ta
008 20050112b un ||||| |||| 00| 0 ukr d
040 _aUA-OsUOA
_brus
_cUA-OsUOA
_dUA-OsUOA
041 _arus
044 _aRU
080 _a94(4)"1939/1945"
090 _a94(4)"1939/1945"
_bИ90
245 _aИстория Второй мировой войны 1939-1945 гг. в двенадцати томах
_cред. Д. Ф. Устинов, Г. А. Арбатов, В. А. Виноградов
260 _aМосква
_bВоенное изд. Министерства обороны Союза ССР
_c1978
300 _a575 с.
_bІлюстрації
505 _gТ. 9
650 7 _2UDC
942 _cBK
_2udc
955 _a0
999 _c318234
_d318234